U.S. General Knowledge #14 - Statistics

General Stats
  • This quiz has been taken 19,814 times
  • The average score is 11 of 20
Answer Stats
Question Answer % Correct
Who wants YOU for U.S. Army? Uncle Sam
94%
The 3 biggest cities in Ohio all start with the letter C. What are they? Cincinnati
79%
The 3 biggest cities in Ohio all start with the letter C. What are they? Cleveland
79%
The 3 biggest cities in Ohio all start with the letter C. What are they? Columbus
76%
In the campaign slogan "I Like Ike", who was Ike? Dwight Eisenhower
71%
What Broadway hit which premiered in 2015 is about one of the founding fathers? Hamilton
68%
What TV show takes place at the fictional Seattle Grace Hospital? Grey's Anatomy
67%
What type of furniture is also known as an Ottoman? Footstool
60%
What can come in brown, brook, rainbow, and steelhead varieties? Trout
59%
What is the full name of the city abbreviated as "Boca"? Boca Raton
56%
What happened to both Patty Hearst and Charles Lindbergh Jr.? They Were Kidnapped
55%
What does S stand for in the acronym WASP? Saxon
53%
What Monopoly square is furthest from Go? Free Parking
50%
What American author wrote novels set in Italy, Spain, and Cuba? Ernest Hemingway
49%
What product is "Dolphin Safe" in the U.S. but not necessarily in other countries? Tunafish
48%
What "party" of pioneers resorted to cannibalism while forced to spend a winter crossing the Sierra Nevada mountains? {Donner} Party
47%
Who has dated Tony Romo, John Mayer, and Nick Lachey? Jessica Simpson
43%
What TV show's theme song is "Who Are You"? CSI
35%
What was once described by a U.S. senator as "a series of tubes"? Internet
29%
Who recorded the song "Motown Philly"? Boyz II Men
19%
No matching quizzes found
Score Distribution
Percent of People with Each Score
Percentile by Number Answered
Your Score History
You have not taken this quiz